Problemt̀ica en cuanto a la efectiva proteccin̤ en las situaciones de maltrato a la mujer

Detalles Bibliográficos
Autor principal: Bold ̤Prats, Gabriela
Formato: eBook
Lenguaje:español
Publicado: Barcelona : Editorial vLex, 2013
Materias:
Acceso en línea:http://www.vlex.es/source/11256

MARC

LEADER 00000nam a22000007a 4500
005 20130607151522.0
007 cr|||| ||||
008 130607e2013 sp |||||s|||| 00||0 spa d
035 |a 11256 
040 |a vLex 
090 |c 4288  |d 4288 
100 1 0 |a Bold ̤Prats, Gabriela 
245 1 0 |a Problemt̀ica en cuanto a la efectiva proteccin̤ en las situaciones de maltrato a la mujer  |c / Gabriela Bold ̤Prats   |h [Recurso electrn̤ico]  
256 |a Servicio en ln̕ea 
260 |a Barcelona :  |b Editorial vLex,   |c 2013 
300 |a 1 Recurso electrn̤ico 
506 |d vLex Global  |d vLex Global (Academic Edition, excluding Law Schools)  |d vLex Global (U.S. Academic Edition, Law Schools)  |d vLex Global (U.S. Academic Edition, excluding Law Schools)  |d vLex Global (Academic Edition, Law Schools) 
650 0 |a Derecho penal  |z Espaą 
740 |a vLex Libros (Servicio en ln̕ea) 
856 |a Acceso restringido  |u http://www.vlex.es/source/11256 
942 |c BOOK 
999 0 |a Criminal law